Southville International School and Colleges
Your cart is empty.
  • Cart
  • Lists
    Public lists Eva Luna New books Lux_list list_1
    Your lists Log in to create your own lists
  • Log in to your account
  • Your cookies
  • Search history
Southville International School and Colleges
  • Advanced search
  • Recent comments
  • Most popular
  • Libraries

Log in to your account

Log in with GOOGLE


If you do not have an external account, but do have a local account, you can still log in:

  1. Home
  2. MARC view: Sleep easy :
Normal view MARC view ISBD view

Sleep easy : (Record no. 368817)

[ view plain ]
MARC details
000 -LEADER
fixed length control field 00734nam a22002057a 4500
003 - CONTROL NUMBER IDENTIFIER
control field 0
005 - DATE AND TIME OF LATEST TRANSACTION
control field 20260205140152.0
008 - FIXED-LENGTH DATA ELEMENTS--GENERAL INFORMATION
fixed length control field 260205b xxu||||| |||| 00| 0 eng d
020 ## - INTERNATIONAL STANDARD BOOK NUMBER
International Standard Book Number 978-1-63198-334-4
050 ## - LIBRARY OF CONGRESS CALL NUMBER
Classification number TR 613.7
Item number Sl632 2018
082 ## - DEWEY DECIMAL CLASSIFICATION NUMBER
Classification number TR 613.7
Item number Sl632 2018
100 ## - MAIN ENTRY--PERSONAL NAME
Personal name Christelis, Paul
245 ## - TITLE STATEMENT
Title Sleep easy :
Remainder of title a mindfulness guide to getting a good night's sleep /
Statement of responsibility, etc written by Paul Christelis; illustrated by Elisa Paganelli.
260 ## - PUBLICATION, DISTRIBUTION, ETC. (IMPRINT)
Place of publication, distribution, etc Minneapolis, MN :
Name of publisher, distributor, etc Free Spirit Publishing Inc.,
Date of publication, distribution, etc 2018.
300 ## - PHYSICAL DESCRIPTION
Extent 32 unnumbered pages :
Other physical details colored illustrations ;
Dimensions 24 cm.
440 ## - SERIES STATEMENT/ADDED ENTRY--TITLE
Title Everyday mindfulness
650 ## - SUBJECT ADDED ENTRY--TOPICAL TERM
Topical term or geographic name as entry element Sleep
Form subdivision Juvenile literature.
700 ## - ADDED ENTRY--PERSONAL NAME
Personal name Paganelli, Elisa,
Relator term illustrator.
942 ## - ADDED ENTRY ELEMENTS (KOHA)
Source of classification or shelving scheme Dewey Decimal Classification
Koha item type Books
Holdings
Withdrawn status Lost status Source of classification or shelving scheme Damaged status Home library Current library Shelving location Date acquired Source of acquisition Sub Shelving location Total Checkouts Full call number Barcode Date last seen Price effective from Koha item type
    Dewey Decimal Classification   Munich Library Munich Library Teachers Reference Section 02/05/2026 Library Fund     TR 613.7 Sl632 2018 M9236 02/05/2026 02/05/2026 Books

Sleep easy :

APA

Christelis P., Paganelli E., . (2018). Sleep easy. Minneapolis, MN: Free Spirit Publishing Inc.

Chicago

Christelis Paul, Paganelli Elisa, . 2018. Sleep easy. Minneapolis, MN: Free Spirit Publishing Inc.

Harvard

Christelis P., Paganelli E., . (2018). Sleep easy. Minneapolis, MN: Free Spirit Publishing Inc.

MLA

Christelis Paul, Paganelli Elisa, . Sleep easy. Minneapolis, MN: Free Spirit Publishing Inc. 2018.

  • Place hold
  • Print
  • Cite
  • Add to your cart (remove)
  • Save record
    BIBTEX Dublin Core MARCXML MARC (non-Unicode/MARC-8) MARC (Unicode/UTF-8) MARC (Unicode/UTF-8, Standard) MODS (XML) RIS
  • More searches
    Search for this title in:
    Other Libraries (WorldCat) Other Databases (Google Scholar) Online Stores (Bookfinder.com) Open Library (openlibrary.org)

Exporting to Dublin Core...

SOUTHVILLE LIBRARY

Southville International School and Colleges Library

1281 Tropical Ave. Cor. Luxembourg St., BF Homes International, Las Pinas City

Tel. No. 8256374 / 252358 Loc. 117/146

Powered by Koha